<?xml version="1.0" encoding="UTF-8"?>
<collection xmlns="http://www.loc.gov/MARC21/slim">
 <record>
  <leader>06368nam a2200433 a 4500</leader>
  <controlfield tag="001">kal3187</controlfield>
  <controlfield tag="003">Gr-AtHEAL</controlfield>
  <controlfield tag="005">20160425165217.0</controlfield>
  <controlfield tag="006">m        d        </controlfield>
  <controlfield tag="008">160413s2015    gr      s           gre|c</controlfield>
  <datafield tag="020" ind1=" " ind2=" ">
   <subfield code="a">9789606032264</subfield>
  </datafield>
  <datafield tag="040" ind1=" " ind2=" ">
   <subfield code="a">GR-AtHEAL</subfield>
   <subfield code="b">gre</subfield>
   <subfield code="c">GR-AtHEAL</subfield>
  </datafield>
  <datafield tag="082" ind1="0" ind2="4">
   <subfield code="a">006.8</subfield>
   <subfield code="2">23</subfield>
  </datafield>
  <datafield tag="100" ind1="1" ind2=" ">
   <subfield code="a">Βοσινάκης, Σπυρίδων.</subfield>
   <subfield code="8">1882</subfield>
  </datafield>
  <datafield tag="245" ind1="1" ind2="0">
   <subfield code="a">Εικονικοί κόσμοι</subfield>
   <subfield code="h">[Ηλεκτρονικός πόρος] </subfield>
   <subfield code="b">Σύγχρονες προσεγγίσεις, εφαρμογές και ανάπτυξη σε περιβάλλον OpenSimulator</subfield>
   <subfield code="c">Βοσινάκης, Σπυρίδων ; Κριτικός αναγνώστης,Χωριανόπουλος, Κωνσταντίνος ; Γλωσσική επιμέλεια,ΨΑΘΑ, ΕΛΕΝΗ.</subfield>
  </datafield>
  <datafield tag="260" ind1=" " ind2=" ">
   <subfield code="a">Αθήνα :</subfield>
   <subfield code="b">Σύνδεσμος Ελληνικών Ακαδημαϊκών Βιβλιοθηκών,</subfield>
   <subfield code="c">c2015.</subfield>
  </datafield>
  <datafield tag="490" ind1=" " ind2=" ">
   <subfield code="a">Ακαδημαϊκά Ηλεκτρονικά Συγγράμματα και Βοηθήματα Κάλλιπος</subfield>
   <subfield code="8">40</subfield>
  </datafield>
  <datafield tag="520" ind1=" " ind2=" ">
   <subfield code="a">Οι Εικονικοί Κόσμοι είναι τρισδιάστατα συνθετικά περιβάλλοντα σε υπολογιστή στα οποία πολλαπλοί χρήστες που εμφανίζονται ως &quot;ενσαρκώσεις&quot; (avatars) επικοινωνούν μεταξύ τους ή και με άλλες συνθετικές οντότητες, εξερευνούν και αλληλεπιδρούν με το περιβάλλον, και κατασκευάζουν νέο περιεχόμενο. Σήμερα αποτελούν την πιο διαδεδομένη υλοποίηση των θεωριών και τεχνικών της Εικονικής Πραγματικότητας και βρίσκουν ποικίλες περιοχές εφαρμογής, όπως η εκπαίδευση, η εξάσκηση και προσομοίωση, ο πολιτισμός, η ψυχαγωγία, η συνεργατική εργασία, κ.α. Υπάρχουν πολλές διαθέσιμες πλατφόρμες και εργαλεία ανάπτυξης Εικονικών Κόσμων με σημαντικές διαφοροποιήσεις ως προς τις διαθέσιμες λειτουργίες και τα τεχνικά χαρακτηριστικά. Ένα ανερχόμενο περιβάλλον είναι το Open Simulator, το οποίο βασίζεται στην τεχνολογία του δημοφιλούς Second Life και αποτελεί επιπλέον προϊόν ελεύθερου λογισμικού ανοιχτού κώδικα (ΕΛ/ΛΑΚ - opensource) με αποτέλεσμα να μπορεί οποιοσδήποτε χρήστης να εγκαταστήσει, διαμορφώσει και διαχειριστεί το δικό του Εικονικό Κόσμο. Αντικείμενο του προτεινόμενου βιβλίου είναι οι σύγχρονες εξελίξεις, τεχνολογίες και εφαρμογές των Εικονικών Κόσμων. Στόχος του είναι να αποκτήσει ο αναγνώστης: α) κατανόηση των τεχνολογιών απεικόνισης, κίνησης και προσομοίωσης που χρησιμοποιούν οι Εικονική Κόσμοι β) κατανόηση των μεθόδων και τεχνικών σχεδίασης, ανάπτυξης και αξιολόγησης, γ) επίγνωση των σημαντικότερων περιοχών εφαρμογής και των ιδιαίτερων απαιτήσεών τους, δ) κατάρτιση στην εγκατάσταση, διαχείριση και ανάπτυξη περιεχομένου σε περιβάλλον Open Simulator.Το βιβλίο αποτελείται από δύο μέρη. Το πρώτο μέρος (κεφ. 1-6) περιλαμβάνει το θεωρητικό τμήμα: τις τεχνολογίες, μεθόδους ανάπτυξης και εφαρμογές των ΕΚ. Το δεύτερο μέρος (κεφ. 7-12) αφορά στην εκμάθηση του περιβάλλοντος Open Simulator και της γλώσσας σεναρίων LSL/OSSL μέσα από την κατασκευή σύνθετων διαδραστικών περιβαλλόντων σε διάφορες περιοχές εφαρμογής.</subfield>
  </datafield>
  <datafield tag="650" ind1=" " ind2="0">
   <subfield code="a">Virtual reality</subfield>
   <subfield code="8">2450</subfield>
  </datafield>
  <datafield tag="653" ind1=" " ind2=" ">
   <subfield code="a">Γραφικά υπολογιστών</subfield>
  </datafield>
  <datafield tag="653" ind1=" " ind2=" ">
   <subfield code="a">Συνθετική κίνηση</subfield>
  </datafield>
  <datafield tag="653" ind1=" " ind2=" ">
   <subfield code="a">Προσομοίωση</subfield>
  </datafield>
  <datafield tag="653" ind1=" " ind2=" ">
   <subfield code="a">Παιχνίδια υπολογιστών</subfield>
  </datafield>
  <datafield tag="653" ind1=" " ind2=" ">
   <subfield code="a">Πολιτιστική κληρονομιά</subfield>
  </datafield>
  <datafield tag="653" ind1=" " ind2=" ">
   <subfield code="a">Εκπαίδευση</subfield>
  </datafield>
  <datafield tag="653" ind1=" " ind2=" ">
   <subfield code="a">Κοινωνικά μέσα</subfield>
  </datafield>
  <datafield tag="653" ind1=" " ind2=" ">
   <subfield code="a">Εικονικοί κόσμοι</subfield>
  </datafield>
  <datafield tag="653" ind1=" " ind2=" ">
   <subfield code="a">Εικονική πραγματικότητα</subfield>
  </datafield>
  <datafield tag="653" ind1=" " ind2=" ">
   <subfield code="a">Εκπαίδευση και επιστήμες της αγωγής</subfield>
   <subfield code="a">Εκπαιδευτική τεχνολογία</subfield>
   <subfield code="a">Εκπαίδευση υποβοηθούμενη από υπολογιστή</subfield>
  </datafield>
  <datafield tag="653" ind1=" " ind2=" ">
   <subfield code="a">Τεχνολογία και επιστήμες μηχανικών</subfield>
   <subfield code="a">Μηχανική και τεχνολογία τηλεπικοινωνιών</subfield>
   <subfield code="a">Τεχνολογίες παγκόσμιου ιστού</subfield>
  </datafield>
  <datafield tag="653" ind1=" " ind2=" ">
   <subfield code="a">Επιστήμη υπολογιστών/Πληροφορική</subfield>
   <subfield code="a">Διαχείριση πληροφορίας</subfield>
   <subfield code="a">Συστήματα πολυμέσων</subfield>
  </datafield>
  <datafield tag="653" ind1=" " ind2=" ">
   <subfield code="a">Επιστήμη υπολογιστών/Πληροφορική</subfield>
   <subfield code="a">Γραφικά και οπτικοποίηση</subfield>
  </datafield>
  <datafield tag="653" ind1=" " ind2=" ">
   <subfield code="a">Επιστήμη υπολογιστών/Πληροφορική</subfield>
   <subfield code="a">Βασικές αρχές συστημάτων</subfield>
  </datafield>
  <datafield tag="700" ind1="1" ind2=" ">
   <subfield code="a">Χωριανόπουλος, Κωνσταντίνος</subfield>
   <subfield code="e">Κριτικός αναγνώστης</subfield>
   <subfield code="8">1883</subfield>
  </datafield>
  <datafield tag="856" ind1="4" ind2="0">
   <subfield code="u">http://hdl.handle.net/11419/3187</subfield>
   <subfield code="z">Πλήρες Κείμενο - Full text</subfield>
  </datafield>
  <datafield tag="907" ind1=" " ind2=" ">
   <subfield code="a">.b25678279</subfield>
   <subfield code="b">12-06-18</subfield>
   <subfield code="c">29-07-16</subfield>
  </datafield>
  <datafield tag="949" ind1=" " ind2=" ">
   <subfield code="0">0</subfield>
   <subfield code="1">0</subfield>
   <subfield code="2">ddc</subfield>
   <subfield code="4">0</subfield>
   <subfield code="6">006_800000000000000_ΒΟΣ</subfield>
   <subfield code="7">0</subfield>
   <subfield code="8">KALL</subfield>
   <subfield code="8">586</subfield>
   <subfield code="d">2016-04-13</subfield>
   <subfield code="r">2016-04-13</subfield>
   <subfield code="w">2016-04-13</subfield>
   <subfield code="z">006.8 ΒΟΣ</subfield>
   <subfield code="o">SEAB KALLIPOS</subfield>
  </datafield>
  <datafield tag="998" ind1=" " ind2=" ">
   <subfield code="a">80</subfield>
   <subfield code="a">01</subfield>
   <subfield code="a">02</subfield>
   <subfield code="a">03</subfield>
   <subfield code="a">04</subfield>
   <subfield code="a">05</subfield>
   <subfield code="a">06</subfield>
   <subfield code="a">07</subfield>
   <subfield code="a">08</subfield>
   <subfield code="a">09</subfield>
   <subfield code="a">10</subfield>
   <subfield code="a">11</subfield>
   <subfield code="a">12</subfield>
   <subfield code="a">13</subfield>
   <subfield code="a">14</subfield>
   <subfield code="a">15</subfield>
   <subfield code="a">16</subfield>
   <subfield code="a">17</subfield>
   <subfield code="a">18</subfield>
   <subfield code="a">19</subfield>
   <subfield code="a">20</subfield>
   <subfield code="a">21</subfield>
   <subfield code="a">22</subfield>
   <subfield code="a">23</subfield>
   <subfield code="a">24</subfield>
   <subfield code="a">25</subfield>
   <subfield code="a">26</subfield>
   <subfield code="b">11-05-17</subfield>
   <subfield code="c">m</subfield>
   <subfield code="d">z  </subfield>
   <subfield code="e">-</subfield>
   <subfield code="f">gre</subfield>
   <subfield code="g">gr </subfield>
   <subfield code="h">0</subfield>
  </datafield>
  <datafield tag="942" ind1=" " ind2=" ">
   <subfield code="2">ddc</subfield>
   <subfield code="c">KALLIPOS</subfield>
  </datafield>
 </record>
</collection>
